[Event "New Delhi Parsvnath op 9th"]
[Site "New Delhi"]
[Date "2011.01.10"]
[Round "4"]
[White "Sydney, Lewis"]
[Black "Rathnakaran, Kantholi"]
[Result "1-0"]
[WhiteElo "1849"]
[BlackElo "2381"]
[PlyCount "63"]
[EventDate "2011.01.08"]
[EventType "swiss"]
[EventRounds "11"]
[EventCountry "IND"]
[SourceTitle "CBM 140 Extra"]
[Source "ChessBase"]
[SourceDate "2011.03.01"]
[SourceVersion "1"]
[SourceVersionDate "2011.03.01"]
[SourceQuality "1"]

1. e4 e6 2. d4 d5 3. Nd2 Nf6 4. e5 Nfd7 5. Ngf3 f6 6. exf6 Nxf6 7. Bd3 c5 8. c3 Nc6 9. 0-0 cxd4 10. cxd4 Bd6 11. Re1 0-0 12. Nf1 Qc7 13. Bg5 e5 14. dxe5 Nxe5 15. Nxe5 Bxe5 16. Rc1 Qd6 17. Bxf6 gxf6 18. Qh5 f5 19. Rxc8 Raxc8 20. Bxf5 Rc7 21. Rxe5 Kh8 22. Re8 d4 23. h4 Rg7 24. g4 Rxe8 25. Qxe8+ Rg8 26. Qe4 Rg7 27. Nd2 Re7 28. Qf3 Qh6 29. Qd3 Re1+ 30. Kg2 Qf4 31. Nf3 Ra1 32. Qc4 1-0